Sub-Saharan Africa (Record no. 84218)
[ view plain ]
| 000 -LEADER | |
|---|---|
| fixed length control field | 01363cad a22002175a 4500 |
| 001 - CONTROL NUMBER | |
| control field | L156976 |
| 008 - FIXED-LENGTH DATA ELEMENTS--GENERAL INFORMATION | |
| fixed length control field | 120803s2012 xxk 000 0 eng d |
| 035 ## - SYSTEM CONTROL NUMBER | |
| System control number | (Sirsi) u156976 |
| 041 0# - LANGUAGE CODE | |
| Language code of text/sound track or separate title | eng |
| 110 2# - MAIN ENTRY--CORPORATE NAME | |
| Corporate name or jurisdiction name as entry element | Jones Lang LaSalle |
| 9 (RLIN) | 3755 |
| 245 00 - TITLE STATEMENT | |
| Title | Sub-Saharan Africa |
| Remainder of title | a region with opportunities amid transparency challenges |
| 260 ## - PUBLICATION, DISTRIBUTION, ETC. | |
| Place of publication, distribution, etc. | [S.l. |
| Name of publisher, distributor, etc. | JLL |
| Date of publication, distribution, etc. | 2012 |
| 490 #0 - SERIES STATEMENT | |
| Series statement | Jones Lang LaSalle Global Real Estate Transparency Index Global Foresight Series |
| Volume/sequential designation | July 2012 |
| 520 ## - SUMMARY, ETC. | |
| Summary, etc. | Following the 2012 Jones Real Estate Transparency Index 2012 this report assesses the opportunities and transparency challenges within this key emerging region. Africa is increasingly being viewed as an emerging investment destination and crucial growth market. Yet the lack of transparency around these markets makes many firms wary. Although the region's future seems to be brightening, international investors and corporate occupiers seeking to expand into Africa will need to assess the real estate and transparency challenges carefully in order to mitigate the risks. |
| 590 ## - LOCAL NOTE (RLIN) | |
| Local note | KA NTK |
| 651 #4 - SUBJECT ADDED ENTRY--GEOGRAPHIC NAME | |
| Geographic name | Africa |
| 690 ## - LOCAL SUBJECT ADDED ENTRY--TOPICAL TERM (OCLC, RLIN) | |
| Topical term or geographic name as entry element | Commercial property |
| 9 (RLIN) | 6227 |
| 690 ## - LOCAL SUBJECT ADDED ENTRY--TOPICAL TERM (OCLC, RLIN) | |
| Topical term or geographic name as entry element | Residential property |
| 9 (RLIN) | 6266 |
| 856 40 - ELECTRONIC LOCATION AND ACCESS | |
| Uniform Resource Identifier | <a href="https://www.joneslanglasalle.eu/ResearchLevel1/JLL_EMEA_CS_GRETI_Africa_Transparency_Report_July_2012.pdf">https://www.joneslanglasalle.eu/ResearchLevel1/JLL_EMEA_CS_GRETI_Africa_Transparency_Report_July_2012.pdf</a> |
| Public note | View the report at www.joneslanglasalle.eu |
| 942 ## - ADDED ENTRY ELEMENTS (KOHA) | |
| Suppress in OPAC | 0 |
| Withdrawn status | Lost status | Source of classification or shelving scheme | Damaged status | Not for loan | Home library | Current library | Shelving location | Date acquired | Total Checkouts | Full call number | Barcode | Date last seen | Copy number | Price effective from | Koha item type |
|---|---|---|---|---|---|---|---|---|---|---|---|---|---|---|---|
| Dewey Decimal Classification | Virtual | Virtual | Online | 03/08/2012 | ONLINE PUBLICATION | 156976-2001 | 06/08/2019 | 1 | 06/08/2019 | Book |